A liturgy of grief :A Pastoral Commentary on Lamentations (Record no. 22540)

MARC details
000 -LEADER
fixed length control field 01110cam a22001934a 4500
020 ## - INTERNATIONAL STANDARD BOOK NUMBER
ISBN 9780801039607 (pbk.)
020 ## - INTERNATIONAL STANDARD BOOK NUMBER
ISBN 0801039606 (pbk.)
082 00 - DEWEY DECIMAL CLASSIFICATION NUMBER
Classification number 224.307
Author Cutter ALL
100 1# - MAIN ENTRY--AUTHOR NAME
Author name Allen, Leslie C.
245 12 - TITLE STATEMENT
Title A liturgy of grief :A Pastoral Commentary on Lamentations
260 ## - PUBLICATION, DISTRIBUTION, ETC. (IMPRINT)
Place of publication Grand Rapids, Mich. :
Name of publisher Baker Academic,
Year of publication c2011.
300 ## - PHYSICAL DESCRIPTION
Number of Pages xi, 195 p. ;
505 0# - FORMATTED CONTENTS NOTE
Formatted contents note Foreword / Nichols Wolterstorff -- First poem (Lamentations 1) : grief, guilt, and the need for prayer (1) -- Second prayer (Lamentations 2) : grief, guilt, and the need for prayer (2) -- Third poem (Lamentations 3) : the wounded healer -- Fourth poem (Lamentations 4) : grief and guilt -- 5. Fifth poem (Lamentations 5) : the congregation's prayer as a turning point.
520 ## - SUMMARY, ETC.
Summary, etc Allen, an experienced scholar and hospital chaplain, is the first to use the Old Testament book of Lamentations to throw light on grief, and to use contemproray examples and discussions of grief to throw lights on Lamentations.
650 #0 - SUBJECT ADDED ENTRY--TOPICAL TERM
Topical Term Grief - Religious Aspects - Christianity
650 #0 - SUBJECT ADDED ENTRY--TOPICAL TERM
Topical Term Pastoral care.
942 ## - ADDED ENTRY ELEMENTS (KOHA)
Koha item type Books
Holdings
Home library Current library Shelving location Date acquired Full call number Accession Number Koha item type
Henry Martyn Institute Library Henry Martyn Institute Library General stacks 11/23/2018 224.307 ALL 11003937 Books
Henry Martyn Institute Library Henry Martyn Institute Library General stacks 11/23/2018 224.307 ALL 11003938 Books
                   Copyright © 2026 | Henry Martyn Institute | Hyderabad | TS-500052 | INDIA | Implemented by hmi.edu.in
Hit-Count:

Powered by Koha